Preclinical Manual of Conservative Dentistry and Endodontics (Record no. 22713)

MARC details
000 -LEADER
fixed length control field 00443nam a22001697a 4500
003 - CONTROL NUMBER IDENTIFIER
control field SGT
020 ## - INTERNATIONAL STANDARD BOOK NUMBER
International Standard Book Number 9788131256770
082 ## - DEWEY DECIMAL CLASSIFICATION NUMBER
Classification number 617.6342
Item number P20G
100 ## - MAIN ENTRY--PERSONAL NAME
Personal name Gopikrishna, V.
245 ## - TITLE STATEMENT
Title Preclinical Manual of Conservative Dentistry and Endodontics
250 ## - EDITION STATEMENT
Edition statement 3rd
260 ## - PUBLICATION, DISTRIBUTION, ETC. (IMPRINT)
Name of publisher, distributor, etc Elsevier
Year of Publication 2020
300 ## - PAGE DESCRIPTION
No. of Pages 449
650 ## - SUBJECT ADDED ENTRY--TOPICAL TERM
Topical term or geographic name as entry element Conservative Dentistry; Endodontics
653 ## - KEYWORDS--INDEX TERM
Keyword term Conservative Dentistry; Endodontics
942 ## - ADDED ENTRY ELEMENTS (KOHA)
Source of classification or shelving scheme Dewey Decimal Classification
Koha item type Books
942 ## - ADDED ENTRY ELEMENTS (KOHA)
-- 6
Holdings
Withdrawn status Lost status Source of classification or shelving scheme Damaged status Not for loan Home library Current library Date acquired Vendor Name Cost, normal purchase price SGTU Bill Number Total Checkouts Full call number Accession No. (Barcode) Date last seen Date last borrowed Bill Date Koha item type
    Dewey Decimal Classification     SGT Dental Library SGT Dental Library 11/05/2022 Ahuja Book Co. Pvt. Ltd. 810.00 SGTU 14353 3 617.6342 P20G FD8652 06/12/2024 27/11/2024 16/04/2022 Books
    Dewey Decimal Classification     SGT Dental Library SGT Dental Library 11/05/2022 Ahuja Book Co. Pvt. Ltd. 810.00 SGTU 14353 3 617.6342 P20G FD8653 04/05/2026 27/04/2026 16/04/2022 Books
    Dewey Decimal Classification     SGT Dental Library SGT Dental Library 11/05/2022 Ahuja Book Co. Pvt. Ltd. 810.00 SGTU 14353 1 617.6342 P20G FD8654 21/08/2024 06/08/2024 16/04/2022 Books
    Dewey Decimal Classification     SGT Dental Library SGT Dental Library 11/05/2022 Ahuja Book Co. Pvt. Ltd. 810.00 SGTU 14353 1 617.6342 P20G FD8655 02/08/2024 31/07/2024 16/04/2022 Books
    Dewey Decimal Classification     SGT Dental Library SGT Dental Library 11/05/2022 Ahuja Book Co. Pvt. Ltd. 810.00 SGTU 14353   617.6342 P20G FD8656 11/05/2022   16/04/2022 Books